000 00331nam a22001457a 4500
008 210521b ||||| |||| 00| 0 eng d
020 _a9780195143607
041 _aeng
080 _a159.9
082 _a159.9
100 _a48
101 _aPSI
245 _aThe Link Between Religion and Health
_cKoenig,H.C
942 _2udc
_cBK
999 _c57570
_d57570